Enfoque: Ecuador, estudios de la realidad nacional
Guardado en:
| Autor principal: | |
|---|---|
| Autor Corporativo: | |
| Formato: | Texto |
| Publicado: |
Guayaquil:
FEE
|
| Etiquetas: |
Agregar Etiqueta
Sin Etiquetas, Sea el primero en etiquetar este registro!
|
MARC
| LEADER | 00000 a a2200000 04500 | ||
|---|---|---|---|
| 001 | 24399 | ||
| 003 | |||
| 040 | |||
| 090 | |a 175000 | ||
| 100 | |a Chiriboga, Manuel | ||
| 110 | |a Fundación Eugenio Espejo | ||
| 245 | |a Enfoque: Ecuador, estudios de la realidad nacional | ||
| 260 | |a Guayaquil: |b FEE | ||
| 999 | |c 1951 |d 1951 | ||
